| 000 -ლიდერი |
| ფიქსირებული სიგრძის საკონტროლო ველი |
01480nam a22002177a 4500 |
| 003 - საკონტროლო ნომრის იდენტიფიკატორი |
| საკონტროლო ველი |
Ge_BSU |
| 005 - ბოლო ოპერაციის თარიღი და დრო |
| საკონტროლო ველი |
20240326140452.0 |
| 008 - ფიქსირებული სიგრძის მონაცემთა ელემენტები - ზოგადი ინფორმაცია |
| ფიქსირებული სიგრძის საკონტროლო ველი |
240326s2017 ge ||||| |||| 00| 0 geo d |
| 022 ## - საერთაშორისო სტანდარტული სერიული ნომერი |
| International Standard Serial Number |
15120694 |
| 041 ## - ენის კოდი |
| Language code of text/sound track or separate title |
geo |
| 080 ## - უნივერსალური ათობითი კლასიფიკაციის ინდექსი |
| Universal Decimal Classification number |
008(09) კ-89 |
| 245 ## - ცნობა სათაურის შესახებ |
| Title |
კულტურის ისტორიისა და თეორიის საკითხები = The questions of the history and theory of culture |
| Remainder of title |
XXX / |
| Statement of responsibility, etc |
მთ.რედ. გ. ლორთქიფანიძე, ტომის რედ. მარიკა მშვილდაძე |
| 264 ## - წარმოების, გამოცემის, დისტრიბუციის და სხვა ცნობები |
| გამოცემის, წარმოების, დისტრიბუციის... ადგილი |
თბილისი : |
| გამოცემის, წარმოების, დისტრიბუციის... სახელწოდება |
ივანე ჯავახიშვილის სახელმმწიფო უნივერსიტეტის გმ-ბა, |
| გამოცემის, წარმოების, დისტრიბუციის... თარიღი |
2017. |
| 300 ## - ფიზიკური აღწერა |
| Extent |
229 გვ.: |
| Other physical details |
19 სმ. |
| 653 ## - INDEX TERM--UNCONTROLLED |
| Uncontrolled term |
კულტურის ისტორია. კულტურის თეორია |
| 700 ## - ADDED ENTRY--PERSONAL NAME |
| Personal name |
ლორთქიფანიძე, გ |
| Relator term |
მთავარი რედაქტორი |
| 9 (RLIN) |
1484 |
| 700 ## - ADDED ENTRY--PERSONAL NAME |
| Personal name |
მშვილდაძე, მარიკა |
| Relator term |
ტომის რედაქტორი |
| 9 (RLIN) |
15413 |
| 710 ## - ADDED ENTRY--CORPORATE NAME |
| Corporate name or jurisdiction name as entry element |
ივ.ჯავახიშვილის სახელობის თბილისის სახელმწიფო უნივერსიტეტი |
| 9 (RLIN) |
13839 |
| 711 ## - ADDED ENTRY--MEETING NAME |
| Subordinate unit |
თსუ ებრაული კულტურისა და იუდაიკის კაბინეტი |
| 9 (RLIN) |
21591 |
| 942 ## - ADDED ENTRY ELEMENTS (KOHA) |
| Source of classification or shelving scheme |
|
| Koha item type |
წიგნი |